00361nam a2200121Ia 4500008004100000082002000041100002000061245002600081260004400107300000900151630001800160650006100178211109s9999||||xx |||||||||||||| ||und|| a894.8124bSUG-P aSugathakumari,  0aPavam Manavahridhayam bSahithya Pravarthaka...aKottayamc1968 a82p. xGENERAL STACK aMalayalam LiteraturevMalayalam EssaysxEssaysLiterature